000 00424nam a2200169Ia 4500
003 LK-CoDNM
008 010623t2010 xxu||||| |||| 00| 1 sin d
040 _aLK-CoDNM
_dLK-CoDNM
_eLK-CoDNM
041 _asin
080 _a379.85
_bDAS
100 _aDasanayaka,Sameera
245 _aවීසා අත්පොත
246 _aVisa Athpotha (R.C.)
260 _bAuthor
_aS.I.
_c2010
300 _b64, 21 cm
942 _cBK
999 _c130345
_d130345